Je HDP vhodným ukazatelem ekonomické výkonnosti a sociálního pokroku v podmínkách globalizace?

Obmedzenia vypovedajúce o schopnosti HDP ako ukazovateľa ekonomického výkonu a udržateľnosti ekonomického rozvoja. Stiglitzova správa – zásadné a čiastkové obmedzenia HDP pri hodnotení blahobytu a udržateľnosti ekonomického rastu. Obmedzenia HDP pri meraní ekonomickej výkonnosti. Ekonomický blahobyt...

Celý popis

Uložené v:
Podrobná bibliografia
Hlavný autor: Nečadová, Marta
Médium: Kapitola
Jazyk:Czech
Predmet:
Tagy: Pridať tag
Žiadne tagy, Buďte prvý, kto otaguje tento záznam!

MARC

LEADER 00000naa a2200000 4500
001 0165616
005 20231116110346.7
041 0 |a cze 
044 |a CZ 
245 1 0 |a Je HDP vhodným ukazatelem ekonomické výkonnosti a sociálního pokroku v podmínkách globalizace?  |c Marta Nečadová 
520 |a Obmedzenia vypovedajúce o schopnosti HDP ako ukazovateľa ekonomického výkonu a udržateľnosti ekonomického rozvoja. Stiglitzova správa – zásadné a čiastkové obmedzenia HDP pri hodnotení blahobytu a udržateľnosti ekonomického rastu. Obmedzenia HDP pri meraní ekonomickej výkonnosti. Ekonomický blahobyt. Štruktúra Indexu ekonomického blahobytu. Koncepcia udržateľnosti. Indikátory pre meranie udržateľného rastu. Dopad globalizácie na hodnotenie výkonnosti ekonomík. 
610 2 0 |a výkonnosť ekonomiky 
610 2 0 |a rast hospodársky 
610 2 0 |a rozvoj trvalo udržateľný 
610 2 0 |a globalizácia 
610 2 0 |a produkt domáci hrubý 
610 2 0 |a ukazovatele výkonnosti 
610 2 0 |a meranie výkonnosti 
100 1 |a Nečadová, Marta